|
|
|
|
| LEADER |
00000nam0a2200000 4500 |
| 001 |
174425 |
| 005 |
20231101223147.0 |
| 035 |
|
|
|a (RuTPU)RU\TPU\book\189151
|
| 090 |
|
|
|a 174425
|
| 100 |
|
|
|a 20100127d2009 m y0rusy50 ca
|
| 101 |
0 |
|
|a rus
|
| 102 |
|
|
|a RU
|
| 105 |
|
|
|a a j 001zy
|
| 200 |
1 |
|
|a Поведение потребителей
|e учебное пособие для вузов
|f Ю. Ф. Задорожная
|g Томский политехнический университет (ТПУ)
|
| 210 |
|
|
|a Томск
|c Изд-во ТПУ
|d 2009
|
| 215 |
|
|
|a 250 с.
|c ил.
|
| 320 |
|
|
|a Библиогр.: с. 245-246.
|
| 320 |
|
|
|a Глоссарий: с. 228-229.
|
| 330 |
|
|
|a В пособии дается представление о предмете, целях и задачах учебной дисциплины и ее межпредметных связях. Теоретический раздел программы включает модели поведения индивидуальных потребителей, мотивации потребителей и мотивационные теории, принятие потребителем решения о покупке с учетом внешних и внутренних факторов, жизненный и организационный стиль потребителя, основные принципы построения поведенческих моделей. Содержание практического раздела позволяет студентам научиться управлять поведением потребителя с использованием теории мотивации и личности.
|
| 606 |
1 |
|
|a Потребительское поведение
|2 stltpush
|3 (RuTPU)RU\TPU\subj\36658
|
| 606 |
1 |
|
|a Потребители
|x Поведение
|2 stltpush
|3 (RuTPU)RU\TPU\subj\36656
|9 57957
|
| 610 |
1 |
|
|a маркетинг
|
| 610 |
1 |
|
|a маркетинговая деятельность
|
| 610 |
1 |
|
|a маркетинговая активность
|
| 610 |
1 |
|
|a глобальный маркетинг
|
| 610 |
1 |
|
|a структура
|
| 610 |
1 |
|
|a принятие решений
|
| 610 |
1 |
|
|a потребности
|
| 610 |
1 |
|
|a потребление
|
| 610 |
1 |
|
|a детерминанты
|
| 610 |
1 |
|
|a розничная купля-продажа
|
| 610 |
1 |
|
|a покупки
|
| 610 |
1 |
|
|a покупатели
|
| 610 |
1 |
|
|a ресурсы
|
| 610 |
1 |
|
|a мотивации
|
| 610 |
1 |
|
|a стиль жизни
|
| 610 |
1 |
|
|a культура
|
| 610 |
1 |
|
|a среда
|
| 610 |
1 |
|
|a психология
|
| 610 |
1 |
|
|a общение
|
| 610 |
1 |
|
|a продавцы
|
| 610 |
1 |
|
|a клиенты
|
| 610 |
1 |
|
|a покупательское поведение
|
| 610 |
1 |
|
|a организованное поведение
|
| 610 |
1 |
|
|a консюмеризм
|
| 610 |
1 |
|
|a этика
|
| 610 |
1 |
|
|a учебные пособия
|
| 610 |
1 |
|
|a тесты
|
| 610 |
1 |
|
|a труды учёных ТПУ
|
| 610 |
1 |
|
|a влияние
|
| 686 |
|
|
|a У9(2)212.4я73
|v LBC/SL-A
|2 rubbk
|
| 686 |
|
|
|a У9(2)422я73
|v LBC/SL-A
|2 rubbk
|
| 700 |
|
1 |
|a Задорожная
|b Ю. Ф.
|g Юлия Федоровна
|
| 712 |
0 |
2 |
|a Томский политехнический университет (ТПУ)
|c (1991- )
|2 stltpush
|3 (RuTPU)RU\TPU\col\376
|
| 801 |
|
1 |
|a RU
|b 63413507
|c 20100127
|
| 801 |
|
2 |
|a RU
|b 63413507
|c 20210422
|g RCR
|
| 942 |
|
|
|c BK
|